000 00622pam a2200229 a 4500
001 3384556
005 20180315055313.0
008 881222s1989 njua b 001 0 eng
010 _a 88036566
020 _a0134813677
040 _aDLC
_cDLC
_dDLC
041 _aeng
080 _a537.6 dav
082 0 0 _a537.6 dav
_219
100 1 _a27
101 _amec
245 1 0 _aIntroduction to electrodynamics /
_cDavid J. Griffiths.
504 _aIncludes bibliographical references and index.
906 _a7
_bcbc
_corignew
_d1
_eocip
_f19
_gy-gencatlg
942 _2ddc
_cBK
999 _c45109
_d45109